[Event "icn3g3r3,Perpignan-Echiquier Toulousain"]
[Site "?"]
[Date "2003.11.16"]
[Round "?"]
[White "Yrle, Michel"]
[Black "Sakri, Abdelhak"]
[Result "0-1"]
[WhiteElo "1830"]
[BlackElo "2016"]
[EventDate "2003.??.??"]
[PlyCount "66"]

1.e4 c6 2.c4 d5 3.exd5 cxd5 4.cxd5 Nf6 5.Nc3 Nxd5 6.Nf3 e6 7.d4 Nc6 8.Bb5 
Nxc3 9.bxc3 Qa5 10.Qb3 Bd7 11.O-O Bd6 12.Bd2 Qc7 13.c4 O-O 14.c5 Bxh2+ 15.
Kh1 Bf4 16.Bxf4 Qxf4 17.g3 Qg4 18.Kg2 a6 19.Be2 e5 20.Ng1 Qxd4 21.Rad1 Be6
22.Rxd4 Bxb3 23.Rd7 Bxa2 24.Bf3 Rab8 25.Ra1 Be6 26.Bxc6 bxc6 27.Ra7 Bd5+ 
28.Kh2 Rb2 29.Nh3 e4 30.R7xa6 e3 31.Kg1 Be6 32.Nf4 exf2+ 33.Kg2 Bc4 0-1

[Event "icn3g3r3,Perpignan-Echiquier Toulousain"]
[Site "?"]
[Date "2003.11.16"]
[Round "?"]
[White "Touron, JF."]
[Black "Carbonell, Francoise"]
[Result "1-0"]
[WhiteElo "1730"]
[BlackElo "1550"]
[EventDate "2003.??.??"]
[PlyCount "63"]

1.d4 d5 2.Nf3 Nf6 3.c4 e6 4.Nc3 Be7 5.Bf4 O-O 6.h3 a6 7.e3 Nbd7 8.cxd5 
exd5 9.Be2 Re8 10.Rc1 c6 11.O-O Ne4 $2 
    ( 11...Nf8 $11 )
12.Nxd5 Ndf6 13.Nc7 Bf5 14.Nxa8 Qxa8 15.Bc4 Rf8 16.Nd2 Qc8 17.Nxe4 Nxe4 
18.Bd3 Qe6 19.f3 Ng3 20.Bxf5 Nxf5 21.e4 Nh4 22.d5 cxd5 23.Qxd5 Qb6+ 24.Kh1
Qxb2 25.Qd2 Qxd2 26.Bxd2 b6 27.Bf4 Bc5 28.Rfd1 Ng6 29.Bd6 Rc8 30.Bxc5 bxc5
31.Rc4 Ne5 $4 
    ( 31...Nf8 )
32.Rxc5 1-0

[Event "icn3g3r3,Perpignan-Echiquier Toulousain"]
[Site "?"]
[Date "2003.11.16"]
[Round "?"]
[White "Savy, Laurent"]
[Black "Fournier, Camille"]
[Result "0-1"]
[WhiteElo "2107"]
[BlackElo "2095"]
[EventDate "2003.??.??"]
[PlyCount "109"]

1.c4 e6 2.g3 Nf6 3.Bg2 d5 4.cxd5 exd5 5.Nf3 Be7 6.O-O O-O 7.d3 c6 8.a3 h6 
9.Nbd2 Bf5 10.b4 a5 11.Rb1 axb4 12.axb4 Qb6 13.Bb2 Nbd7 14.Bd4 Qb5 15.Bxf6
Bxf6 16.Nb3 Bh7 17.Nbd4 Qb6 18.Nc2 Ra2 19.Nfe1 Re8 20.b5 Qc5 21.bxc6 bxc6 
22.Rb7 Nb6 23.Qb1 Rb2 24.Qd1 g5 25.Bf3 Bg6 26.Ne3 h5 27.h3 h4 28.gxh4 Rxe3
29.fxe3 Qxe3+ 30.Kh1 gxh4 31.Ng2 Qg5 32.Bg4 Be5 33.Qc1 Qxc1 34.Rxc1 Bg3 
35.Ne1 Bf2 36.Kg2 Bxe1 37.Rxe1 Bxd3 38.Rxb6 $4 
    ( 38.Bh5 $14 )
38...Be4+ 39.Kf2 Rxb6 40.Ke3 c5 41.Kf4 f6 42.Ra1 c4 43.Ra8+ Kg7 44.Bf5 
Bxf5 45.Kxf5 Rc6 46.Ra2 c3 47.Rc2 Kf7 48.Kf4 Ke6 49.Ke3 Ke5 50.Kd3 f5 51.
e3 Rc8 52.Rxc3 Rxc3+ 53.Kxc3 Ke4 54.Kd2 f4 55.exf4 0-1

[Event "icn3g3r3,Perpignan-Echiquier Toulousain"]
[Site "?"]
[Date "2003.11.16"]
[Round "?"]
[White "Robichon, F."]
[Black "Guttridge, V."]
[Result "1-0"]
[WhiteElo "1870"]
[BlackElo "1620"]
[EventDate "2003.??.??"]
[PlyCount "43"]

1.d4 d5 2.c4 Nf6 3.Nc3 e6 4.e3 c5 5.Nf3 Nc6 6.a3 Be7 7.Bd3 O-O 8.O-O b6 9.
Re1 Bb7 10.b3 a6 11.Bc2 dxc4 12.bxc4 Na5 13.Ne5 Nc6 14.Nf3 Na5 15.Qd3 Bxf3
16.gxf3 cxd4 17.exd4 Qc7 18.d5 e5 $2 
    ( 18...Qxc4 $5 19.Qxc4 Nxc4 20.dxe6 fxe6 21.Rxe6 Kf7 22.Re2 $17 )
19.f4 exf4 $2 
    ( 19...Bd6 $5 )
20.Ne4 g6 21.d6 Bxd6 22.Qxd6 
    ( 22.Nxf6+ $1 Kg7 23.Bb2 Be5 24.Bxe5 Qc8 $18 )
1-0

[Event "icn3g3r3,Perpignan-Echiquier Toulousain"]
[Site "?"]
[Date "2003.11.16"]
[Round "?"]
[White "Peyt, M."]
[Black "Daragon, Bruno"]
[Result "1-0"]
[WhiteElo "1570"]
[BlackElo "1750"]
[EventDate "2003.??.??"]
[PlyCount "108"]

1.e4 c5 2.Nf3 d6 3.d4 cxd4 4.Nxd4 Nf6 5.Nc3 a6 6.Be2 e5 7.Nb3 Be6 8.Bg5 
Be7 9.Qd2 Nbd7 10.Rd1 Qc7 11.O-O O-O 12.f4 b5 13.a3 Rfd8 14.f5 Bc4 15.Rf3 
Bxb3 16.cxb3 Nc5 17.Bxf6 Bxf6 18.Qe3 Nxb3 19.Nd5 Qc5 20.Nxf6+ gxf6 21.Rg3+
Kf8 22.Qxc5 Nxc5 23.Rg4 Rac8 24.b4 Nb3 25.Rh4 Nd4 26.Bf1 Rc3 27.Rxh7 Rxa3 
28.Rc1 Re3 29.Rc7 Rxe4 $4 
    ( 29...Kg8 $11 )
30.Rh8+ Kg7 31.Rxd8 Nxf5 32.Rcc8 $2 
    ( 32.Bd3 $1 Rf4 33.g3 Nxg3 34.hxg3 Rxb4 35.Rxd6 $18 )
32...Rxb4 33.Rg8+ Kh6 34.Rh8+ Kg5 35.g3 Nd4 36.Rcg8+ Kf5 37.Bh3+ Ke4 38.
Rd8 $4 
    ( 38.Bg2+ $11 )
38...Nf3+ 39.Kf2 $4 Rb2+ 40.Kf1 Rb1+ $4 
    ( 40...Ke3 $3 41.Rxd6 Rf2# )
41.Ke2 d5 42.Bg4 Rb2+ 43.Kd1 Nxh2 44.Be2 Nf3 45.Bxf3+ Kxf3 46.Rxd5 e4 47.
Rf5+ Ke3 48.Rxf6 b4 49.g4 b3 
    ( 49...a5 )
50.Rh3+ Kd4 51.Rd6+ Kc5 52.Rxa6 Rb1+ 53.Kd2 b2 54.Rh5+ Kd4 $4 1-0

[Event "icn3g3r3,Perpignan-Echiquier Toulousain"]
[Site "?"]
[Date "2003.11.16"]
[Round "?"]
[White "Lebon, Joffrey"]
[Black "Anton, G."]
[Result "1/2-1/2"]
[WhiteElo "2010"]
[BlackElo "2007"]
[EventDate "2003.??.??"]
[PlyCount "74"]

1.e4 c5 2.Nf3 Nc6 3.d4 cxd4 4.Nxd4 e5 5.Nb5 a6 6.Nd6+ Bxd6 7.Qxd6 Qf6 8.
Qxf6 Nxf6 9.Nc3 d5 10.exd5 Nb4 11.Kd2 Bf5 12.Bd3 Nxd3 13.cxd3 O-O-O 14.Re1
Rhe8 15.g3 Nxd5 16.Ne4 Nb4 17.Re3 Bxe4 18.Rxe4 Nxd3 19.Rc4+ Kb8 20.Ke2 
Nxc1+ 21.Raxc1 Rc8 22.R4c2 Rxc2+ 23.Rxc2 Rc8 24.Rd2 {(=)} 24...Kc7 25.h4 
Rd8 26.Rc2+ Kd7 27.Ke3 Ke6 28.Rc7 Rd7 29.Rc8 f5 30.Rh8 g6 31.Rb8 b5 32.
Rb6+ Rd6 33.Rb7 Rd7 34.Rb6+ Rd6 35.Rb7 h5 36.Rg7 Kf6 37.Rg8 Kf7 1/2-1/2

[Event "icn3g3r3,Perpignan-Echiquier Toulousain"]
[Site "?"]
[Date "2003.11.16"]
[Round "?"]
[White "Juglard, Eric"]
[Black "Camacho, JC."]
[Result "1/2-1/2"]
[WhiteElo "2172"]
[BlackElo "2160"]
[EventDate "2003.??.??"]
[PlyCount "38"]

1.d4 Nf6 2.Nc3 d5 3.Bg5 Nbd7 4.e3 h6 5.Bh4 e6 6.Nf3 Be7 7.Bd3 O-O 8.O-O c5
9.Re1 a6 10.a4 Re8 11.h3 Qa5 12.Bg3 c4 13.Be2 Bb4 14.Ne5 Bxc3 15.bxc3 Re7 
16.Nxd7 Rxd7 17.Ra3 Ne4 18.Bf3 Nxg3 19.fxg3 Qc7 1/2-1/2

[Event "icn3g3r3,Narbonne-Montpellier Echecs"]
[Site "?"]
[Date "2003.11.16"]
[Round "?"]
[White "Selcer, Ethan"]
[Black "Tesson, M."]
[Result "1-0"]
[WhiteElo "1890"]
[BlackElo "1730"]
[EventDate "2003.??.??"]
[PlyCount "45"]

1.e4 c5 2.Nf3 d6 3.d4 cxd4 4.Nxd4 Nf6 5.Nc3 a6 6.f3 e6 7.Be3 Be7 8.Qd2 Qc7
9.O-O-O b5 10.Kb1 Bb7 11.g4 h6 12.h4 Nc6 13.h5 Nxd4 14.Bxd4 b4 15.Ne2 d5 
16.exd5 Bxd5 17.Rh3 O-O 18.g5 hxg5 19.Qxg5 Ne8 20.Qg4 e5 21.Nf4 exf4 22.h6
Be6 $4 
    ( 22...f5 23.Qg1 Bf6 $17 )
23.hxg7 1-0

[Event "icn3g3r3,Narbonne-Montpellier Echecs"]
[Site "?"]
[Date "2003.11.16"]
[Round "?"]
[White "Schoucair, Henry"]
[Black "Couty, Olivier"]
[Result "1-0"]
[WhiteElo "2086"]
[BlackElo "2150"]
[EventDate "2003.??.??"]
[PlyCount "49"]

1.e4 c5 2.Nf3 e6 3.d4 cxd4 4.Nxd4 Nc6 5.c4 a6 6.Nc3 Qc7 7.Be2 Nf6 8.O-O 
Be7 
    ( 8...Bb4 $5 )
9.Be3 d6 10.Rc1 O-O 11.Nd5 Qd8 12.Nxc6 bxc6 13.Nxe7+ Qxe7 14.Qd3 Rb8 15.
Rc2 a5 16.f3 h6 17.Qa3 Qc7 18.Rd1 Ne8 
    ( 18...Rd8 19.Rcd2 d5 $16 )
19.e5 d5 20.Bc5 Rb4 21.Bxf8 Kxf8 22.cxd5 exd5 23.Qe3 Kg8 24.Rxd5 Be6 25.
Rd1 1-0

[Event "icn3g3r3,Narbonne-Montpellier Echecs"]
[Site "?"]
[Date "2003.11.16"]
[Round "?"]
[White "Renaux, Osmin"]
[Black "Desnos, M."]
[Result "0-1"]
[WhiteElo "1870"]
[BlackElo "1880"]
[EventDate "2003.??.??"]
[PlyCount "60"]

1.d4 d5 2.c4 c6 3.Nf3 Nf6 4.Nc3 dxc4 5.a4 Bf5 6.Ne5 e6 7.Nxc4 Nbd7 8.g3 
Bb4 9.Bg2 O-O 10.O-O h6 11.e4 Bh7 12.e5 Nd5 13.Ne4 Bxe4 14.Bxe4 f5 15.Bc2 
N7b6 16.Ne3 Qe7 17.Ng2 c5 18.Nh4 Rfd8 19.Qh5 Qf7 20.Qxf7+ Kxf7 21.dxc5 
Bxc5 22.Bb3 Ne7 23.Re1 Nbd5 24.Kf1 Nb4 25.Be3 Bxe3 26.Rxe3 Rd2 27.Re2 Rad8
28.Rc1 g5 29.Ng2 Nec6 30.f4 $4 
    ( 30.Rxd2 Rxd2 31.f4 Rxb2 32.Bc4 $17 )
30...Rxe2 0-1

[Event "icn3g3r3,Narbonne-Montpellier Echecs"]
[Site "?"]
[Date "2003.11.16"]
[Round "?"]
[White "Desnos, O."]
[Black "Leost, Joel"]
[Result "1/2-1/2"]
[WhiteElo "1390"]
[BlackElo "1420"]
[EventDate "2003.??.??"]
[PlyCount "64"]

1.e4 c5 2.c4 Nc6 3.g3 g6 4.Bg2 Bg7 5.Nc3 e6 6.d3 Bd4 7.Nge2 Qf6 8.Nxd4 
Nxd4 9.O-O Ne7 10.f4 Nec6 11.Be3 d6 12.a3 Bd7 13.Rb1 a5 14.Na4 Ra6 15.Kh1 
O-O 16.Nc3 Qe7 17.Nb5 Bc8 18.g4 f5 19.e5 dxe5 20.fxe5 Nxe5 21.Nxd4 cxd4 
22.Bxd4 Nxg4 23.Qe1 e5 24.Bc3 Qc7 25.h3 Nf6 26.Bxe5 Qc5 27.Bxf6 Rfxf6 28.
Qe8+ Rf8 29.Bd5+ $4 
    ( 29.Qe2 $11 )
29...Kg7 $4 
    ( 29...Qxd5+ $3 30.cxd5 Rxe8 $19 )
30.Qe5+ Rff6 31.Rfe1 Rb6 32.Re2 Rb3 1/2-1/2

[Event "icn3g3r3,Narbonne-Montpellier Echecs"]
[Site "?"]
[Date "2003.11.16"]
[Round "?"]
[White "Desnos, Alexandre"]
[Black "Patrat, Joel"]
[Result "1-0"]
[WhiteElo "2132"]
[BlackElo "2017"]
[EventDate "2003.??.??"]
[PlyCount "89"]

1.d4 e6 2.e4 c5 3.Nf3 cxd4 4.Nxd4 a6 5.Nb3 Qc7 6.Be3 Nf6 7.Bd3 Be7 8.O-O 
d5 9.N1d2 Nc6 10.c3 O-O 11.f4 dxe4 12.Nxe4 Rd8 13.Nxf6+ Bxf6 14.Qe2 Ne7 
15.Rad1 b5 16.Nc5 Nd5 17.Ne4 Be7 18.Kh1 Bb7 19.Bc1 Nf6 20.Ng5 Bc5 21.Be3 
h6 22.Bxc5 Qxc5 23.Ne4 Nxe4 24.Bxe4 Bxe4 25.Qxe4 Rd5 26.Rxd5 Qxd5 27.Qxd5 
exd5 28.Kg1 Kf8 29.Rd1 Rd8 30.Kf2 Ke7 31.Re1+ Kd6 32.g3 a5 33.Re3 Rc8 34.
Ke2 b4 35.Kd2 bxc3+ 36.Rxc3 Rxc3 37.Kxc3 Kc5 38.Kd3 f5 {(=)} 39.Kc3 g6 40.
Kd3 d4 41.b3 g5 42.a3 gxf4 43.gxf4 Kd5 44.b4 a4 45.h3 1-0

[Event "icn3g3r3,Narbonne-Montpellier Echecs"]
[Site "?"]
[Date "2003.11.16"]
[Round "?"]
[White "De la Torre, Igor"]
[Black "Guennoun, Anthony"]
[Result "1-0"]
[WhiteElo "2184"]
[BlackElo "2114"]
[EventDate "2003.??.??"]
[PlyCount "64"]

1.e4 c5 2.Nf3 Nc6 3.d3 d6 4.g3 Bg4 5.Bg2 Nf6 6.c3 c4 7.O-O cxd3 8.Qxd3 g6 
9.h3 Be6 10.c4 Bg7 11.Nc3 O-O 12.Nd5 Rc8 13.Bd2 Nd7 14.b3 $2 Bxa1 15.Rxa1 
Nde5 16.Qe3 Nxf3+ 17.Qxf3 f6 18.Qe3 b6 19.f4 Qd7 20.Kh2 Nd8 21.a4 Kg7 22.
Re1 Re8 23.g4 Bxd5 24.exd5 e5 25.dxe6 Nxe6 26.Bc3 Nc5 27.Qd4 Qf7 28.g5 Nd7
    ( 28...Rxe1 $5 29.Bxe1 h6 $15 )
29.Bd5 Qf8 30.Be6 Rcd8 31.Bxd7 Rxe1 32.gxf6+ Kg8 1-0

[Event "icn3g3r3,Narbonne-Montpellier Echecs"]
[Site "?"]
[Date "2003.11.16"]
[Round "?"]
[White "Croze, Yoann"]
[Black "Inouss, Badr"]
[Result "0-1"]
[WhiteElo "1997"]
[BlackElo "2021"]
[EventDate "2003.??.??"]
[PlyCount "100"]

1.e4 c5 2.Nf3 a6 3.c3 Nf6 4.e5 Nd5 5.d4 e6 6.Bc4 Nb6 7.Bd3 h6 8.Nbd2 cxd4 
9.cxd4 d5 10.O-O Nc6 11.a3 Nd7 12.b4 b5 13.Nb3 Nb6 14.Nc5 Nc4 15.Bd2 Be7 
16.a4 Bd7 17.axb5 axb5 18.Qe2 Bxc5 19.dxc5 O-O 20.Bc3 Qc7 21.h4 Ne7 22.h5 
Bc6 23.Nh2 Nf5 24.g4 d4 25.Bd2 Nxd2 26.Qxd2 Nh4 27.Qe2 
    ( 27.Qf4 $11 )
27...Bg2 
    ( 27...Ng2 $5 28.Be4 Nf4 29.Qf3 Nh3+ 30.Qxh3 Bxe4 )
28.Rfe1 Qb7 29.f4 Nf3+ 30.Nxf3 Bxf3 31.Be4 Qxe4 32.Qxe4 Bxe4 33.Rad1 Bf3 
34.Rxd4 Bxg4 35.Rc1 Bxh5 36.c6 Be2 37.Kf2 Bc4 38.Rcxc4 bxc4 39.Rxc4 Rfc8 
40.b5 Rab8 41.Rc5 Rc7 42.Ke3 h5 43.f5 exf5 44.Kd4 Rxb5 45.Rxb5 Rxc6 46.Kd5
Rc8 47.e6 fxe6+ 48.Kxe6 Rf8 49.Rxf5 Rxf5 50.Kxf5 g6+ 0-1

[Event "icn3g3r3,Narbonne-Montpellier Echecs"]
[Site "?"]
[Date "2003.11.16"]
[Round "?"]
[White "Ballester, Jonathan"]
[Black "Canterini, Baptiste"]
[Result "0-1"]
[WhiteElo "1820"]
[BlackElo "1980"]
[EventDate "2003.??.??"]
[PlyCount "44"]

1.e4 c5 2.d4 cxd4 3.c3 d5 4.exd5 Qxd5 5.cxd4 Nc6 6.Nf3 Bg4 7.Be2 e6 8.Nc3 
Qa5 9.a3 Nf6 10.O-O Bd6 11.Re1 O-O 12.Be3 a6 13.h3 Bh5 14.Qb3 Ne7 15.Rad1 
b5 16.Ng5 Bxe2 17.Rxe2 Ned5 18.Nxd5 Nxd5 19.Rc1 Rac8 20.Rxc8 Rxc8 21.Ne4 
Nxe3 22.Nxd6 $4 
    ( 22.Qxe3 $15 )
22...Rc1+ 0-1

[Event "icn3g3r3,Narbonne-Montpellier Echecs"]
[Site "?"]
[Date "2003.11.16"]
[Round "?"]
[White "Arnaud, JC."]
[Black "Rasse, Charlotte"]
[Result "0-1"]
[WhiteElo "1830"]
[BlackElo "1790"]
[EventDate "2003.??.??"]
[PlyCount "104"]

1.e4 c5 2.Nf3 Nc6 3.d4 cxd4 4.Nxd4 Qb6 5.Nb3 e5 6.Be3 Qc7 7.a3 Nf6 8.Nc3 
d6 9.Be2 Be7 10.O-O Be6 11.Nd5 Qd8 12.Bf3 O-O 13.c3 Bxd5 14.exd5 Na5 15.
Nd2 Qc7 16.Qc2 Nc4 17.Nxc4 Qxc4 18.b3 Qc8 19.h3 Re8 20.c4 Bf8 21.a4 b6 22.
Bg5 e4 23.Be2 Nxd5 24.Qd2 Nc7 25.f3 e3 26.Qd3 Qe6 27.Rad1 h6 28.Bh4 Rac8 
29.f4 Qe4 30.Rf3 Qxd3 31.Rxd3 Ne6 32.Kh2 g5 33.fxg5 hxg5 34.Bg3 Nf4 
    ( 34...Bg7 35.Rfxe3 Nc5 36.Bh5 Nxd3 37.Rxd3 Be5 $17 )
35.Bxf4 gxf4 36.Rxf4 Bh6 37.Rh4 Re6 38.Rhd4 Rc5 39.g4 f5 40.gxf5 Rxf5 41.
Rg4+ Kf7 42.Rg2 Rf2 43.Rd1 Bf4+ 44.Kg1 Rg6 45.Rxg6 Kxg6 46.Re1 Kg5 47.Bd1 
Rd2 48.Bg4 Kh4 49.Bf5 $2 
    ( 49.Re2 $5 )
49...Kg3 $2 
    ( 49...Bg3 $1 50.Rc1 e2 51.Bg4 e1=Q+ 52.Rxe1 Bxe1 $19 )
50.Kf1 $4 
    ( 50.Bg4 $17 )
50...Rf2+ 51.Kg1 e2 52.Bd3 Rg2+ 0-1

[Event "icn3g3r3,Montpellier Europeen-Ramonvill"]
[Site "?"]
[Date "2003.11.16"]
[Round "?"]
[White "Py, Jean"]
[Black "Uzcudun, M."]
[Result "1-0"]
[WhiteElo "2157"]
[BlackElo "1960"]
[EventDate "2003.??.??"]
[PlyCount "49"]

1.d4 d6 2.Nf3 g6 3.c4 Bg7 4.Nc3 Nd7 5.g3 c6 6.Bg2 e5 7.O-O Ngf6 8.e4 O-O 
9.dxe5 dxe5 10.Qc2 Qe7 11.b3 Rd8 12.a4 a5 13.Ba3 Nc5 14.h3 Ne8 
    ( 14...Nfd7 $11 )
15.Rad1 Rxd1 16.Rxd1 Be6 17.Nd5 Qf8 18.Ng5 Bc8 
    ( 18...Rd8 $16 )
19.Nb6 Rb8 20.Rd8 Bf6 21.Bxc5 Bxd8 22.Bxf8 Kxf8 23.Nxh7+ Kg7 24.Nxc8 Rxc8 
25.Qd2 1-0

[Event "icn3g3r3,Montpellier Europeen-Ramonvill"]
[Site "?"]
[Date "2003.11.16"]
[Round "?"]
[White "Favre, N."]
[Black "Hassan, M"]
[Result "0-1"]
[WhiteElo "1996"]
[BlackElo "2021"]
[EventDate "2003.??.??"]
[PlyCount "70"]

1.e4 c5 2.Nf3 Nc6 3.d4 cxd4 4.Nxd4 e5 5.Nb5 d6 6.N1c3 a6 7.Na3 Nf6 8.Bg5 
Be7 9.Bxf6 Bxf6 10.Nc4 Be7 11.Nd5 Be6 12.Nxe7 Kxe7 13.Bd3 d5 14.exd5 Qxd5 
15.O-O Rad8 16.Re1 
    ( 16.Ne3 $11 )
16...Qxc4 17.Bxc4 Rxd1 18.Raxd1 Bxc4 19.f4 f6 20.a3 Rd8 21.Rxd8 Kxd8 22.
fxe5 fxe5 23.b3 Bf7 24.b4 Ke7 25.Kf2 Bc4 26.Re4 Bd5 27.Rg4 Kf6 28.c4 Be6 
29.Rh4 h6 30.Ke3 Nd4 31.Kd3 Kg5 32.g3 Nf3 33.Re4 Bf5 34.h4+ Kf6 35.Ke3 Nd2
0-1

[Event "icn3g3r3,Montpellier Europeen-Ramonvill"]
[Site "?"]
[Date "2003.11.16"]
[Round "?"]
[White "Bedos, Michel"]
[Black "Guerin, Gilles"]
[Result "0-1"]
[WhiteElo "2233"]
[BlackElo "2191"]
[EventDate "2003.??.??"]
[PlyCount "136"]

1.d4 Nf6 2.Nf3 d6 3.c4 Nbd7 4.Nc3 e5 5.Bg5 Be7 6.e3 h6 7.Bh4 c6 8.Qc2 Qa5 
9.Bd3 g5 10.Bg3 Nh5 11.a3 Nxg3 12.hxg3 g4 13.b4 Qc7 14.Nh4 Bg5 15.Bf5 Nb6 
16.c5 Nd5 17.Ne4 dxc5 18.dxc5 Bxf5 19.Nxf5 O-O-O 20.Qe2 Kb8 21.Qxg4 Qd7 
22.Qf3 Nc3 23.Ned6 e4 24.Qh5 Rhf8 25.O-O Qe6 26.Nd4 Qe7 27.Rfc1 Nd5 28.
Rab1 Nxe3 29.Re1 Qe5 30.Nxc6+ bxc6 31.Rxe3 f5 32.f4 Qd4 33.Qe2 
    ( 33.Re1 $1 )
33...Be7 34.Rd1 Qf6 35.Nc4 Rxd1+ 36.Qxd1 Rd8 37.Qe2 Qa1+ 38.Kf2 Bf6 39.Na5
Kc7 40.Nb3 Qxa3 41.g4 Qxb4 42.gxf5 Bd4 43.Nxd4 Rxd4 44.Kg3 Rd2 45.Rxe4 $4 
    ( 45.Qe1 $11 )
45...Qc3+ 46.Qe3 Rd3 47.Re7+ Kd8 48.Re8+ Kd7 49.Re7+ Kd8 50.Re8+ Kc7 51.
Re7+ Kc8 52.Re8+ Kb7 53.Re7+ Ka6 54.Qxd3+ Qxd3+ 55.Kg4 Qd1+ 56.Kh4 Qd4 57.
Kg4 Qf6 58.Re5 Kb5 59.Kh5 a5 60.g4 a4 61.Re6 Qd4 62.Rxh6 Qxf4 63.Rh7 Kxc5 
64.Ra7 Kb6 65.Ra8 c5 66.g5 Qxf5 
    ( 66...Qf3+ $1 )
67.Rxa4 Qh7+ 68.Kg4 Qd7+ 0-1

[Event "icn3g3r3,Montpellier Européen-Ramonvill"]
[Site "?"]
[Date "2003.11.16"]
[Round "?"]
[White "Ruiz-Pacheco, R."]
[Black "Nicq-Beothy, A."]
[Result "0-1"]
[WhiteElo "1230"]
[BlackElo "1540"]
[EventDate "2003.??.??"]
[PlyCount "60"]

1.e4 c6 2.Bc4 d5 3.exd5 cxd5 4.Bb5+ Nc6 5.d4 Bf5 6.Nf3 e6 7.Bf4 Nf6 8.h3 
Be7 9.Ne5 Rc8 10.O-O O-O 11.Nxc6 bxc6 12.Ba6 Ra8 13.Bb7 Qb6 14.Bxa8 Qxb2 
15.Nd2 Rxa8 16.Rb1 Qxd4 17.Rb8+ Rxb8 18.Bxb8 Nd7 19.Bc7 h6 20.Nf3 Qc4 21.
Nd4 Bg6 22.Qd2 Bg5 23.f4 Bf6 24.f5 Bxd4+ 25.Rf2 Bxf2+ 26.Qxf2 Bxf5 27.Qxa7
Qc5+ 28.Qxc5 Nxc5 29.Kf2 Bxc2 30.Bd6 Ne4+ 0-1

[Event "icn3g3r3,Montpellier Européen-Ramonvill"]
[Site "?"]
[Date "2003.11.16"]
[Round "?"]
[White "Puig, Jacques"]
[Black "Legros, JL."]
[Result "1/2-1/2"]
[WhiteElo "2000"]
[BlackElo "1970"]
[EventDate "2003.??.??"]
[PlyCount "55"]

1.c4 c6 2.d4 d5 3.cxd5 cxd5 4.Nc3 Nf6 5.e3 Bf5 6.Nf3 e6 7.Qb3 Qc7 8.Bb5+ 
Nbd7 9.Bd2 a6 10.Rc1 Qb6 11.Bxd7+ Nxd7 12.Qxb6 Nxb6 13.O-O Nc4 14.Nd1 Be4 
15.Bc3 Bxf3 16.gxf3 Bd6 17.b3 Nb6 18.Bb2 Kd7 19.Nc3 Rac8 20.h3 Rc6 21.Ne2 
Rhc8 22.Rxc6 Rxc6 23.Rc1 Be7 24.Kf1 Bh4 25.Rxc6 Kxc6 26.Nc1 Nd7 27.Nd3 a5 
28.Ke2 1/2-1/2

[Event "icn3g3r3,Montpellier Européen-Ramonvill"]
[Site "?"]
[Date "2003.11.16"]
[Round "?"]
[White "Martinez, G."]
[Black "Grand, P."]
[Result "0-1"]
[WhiteElo "2020"]
[BlackElo "1960"]
[EventDate "2003.??.??"]
[PlyCount "112"]

1.e4 e6 2.Qe2 c5 3.g3 Nc6 4.Nf3 g6 5.Bg2 Bg7 6.c3 Nge7 7.d3 d6 8.O-O O-O 
9.Bf4 e5 10.Bg5 f6 11.Be3 f5 12.Qd2 Rb8 13.Bh6 b5 14.Bxg7 Kxg7 15.h3 Qa5 
16.Na3 h6 17.Nc2 Bd7 18.Ne3 f4 19.gxf4 Rxf4 20.a3 Bxh3 21.Bxh3 Rxf3 22.Kh2
h5 23.Rg1 Rbf8 24.Raf1 Qd8 25.Qe2 Qe8 26.Nf5+ Nxf5 27.exf5 Rxh3+ 28.Kxh3 
Rxf5 29.Rg3 Qe6 30.Kh2 Qf6 31.Kg2 Nd8 32.Rh1 Ne6 33.Kf1 Nf4 34.Qe4 d5 35.
Qe3 Qc6 36.Rhg1 d4 37.Qf3 Qxf3 38.Rxf3 Rf7 39.Rfg3 dxc3 40.bxc3 Rd7 41.Rh1
c4 42.d4 exd4 43.cxd4 Rxd4 44.Re3 Rd1+ 45.Re1 Rd3 46.Re3 c3 47.Rxd3 Nxd3 
48.Ke2 Nc5 49.Rc1 Na4 50.Kd3 Kf6 51.Re1 h4 52.Re8 Kf5 53.Ra8 a6 54.Kc2 h3 
55.Rh8 Kg4 56.Kd3 g5 0-1

[Event "icn3g3r3,Montpellier Européen-Ramonvill"]
[Site "?"]
[Date "2003.11.16"]
[Round "?"]
[White "Guillory, G."]
[Black "Barthelemy, Guy"]
[Result "1-0"]
[WhiteElo "1930"]
[BlackElo "2000"]
[EventDate "2003.??.??"]
[PlyCount "59"]

1.d4 d5 2.c4 e6 3.Nc3 Nf6 4.Bg5 Bb4 5.e3 h6 6.Bh4 g5 7.Bg3 Ne4 8.Qc2 h5 9.
f3 Nxg3 10.hxg3 Qd6 11.Kf2 Bxc3 12.bxc3 Nc6 13.Bd3 Bd7 14.Rb1 h4 15.Ne2 
dxc4 16.Bxc4 hxg3+ 17.Nxg3 O-O-O 18.Ne4 Qe7 19.Rxh8 Rxh8 20.Nc5 {(=)} 
20...g4 21.fxg4 Qh4+ 22.Kg1 {(=)} 22...Qg3 23.Qe4 f5 24.gxf5 exf5 25.Qf3 
Qh4 {a partir de ce coup, la notation est imcomplete sur une feuille et 
inexacte sur l'autre} 26.Rxb7 Qh2+ 27.Kf2 Qh4+ 28.Ke2 f4 29.Rxa7 Nxa7 30.
Qa8# 1-0

[Event "icn3g3r3,Montpellier Européen-Ramonvill"]
[Site "?"]
[Date "2003.11.16"]
[Round "?"]
[White "Damiano, H."]
[Black "Serra Labrador, Carles"]
[Result "1/2-1/2"]
[WhiteElo "1640"]
[BlackElo "1920"]
[EventDate "2003.??.??"]
[PlyCount "47"]

1.d4 Nf6 2.c4 e5 3.dxe5 Ng4 4.Nf3 Bc5 5.e3 Nc6 6.Nc3 Ngxe5 7.Be2 d6 8.O-O 
O-O 9.Nxe5 Nxe5 10.f4 Ng6 11.f5 Nh4 12.f6 Qe8 13.Nd5 Bb6 14.fxg7 Kxg7 15.
Nxb6 axb6 16.Qd4+ Qe5 17.Qxh4 Bf5 18.e4 Bg6 19.Bh6+ Kg8 20.Bxf8 Rxf8 21.b3
Qd4+ 22.Kh1 Re8 23.Rad1 Qb2 {(=)} 24.Bf3 {(=) Que s'est-il passe? Temps 
presque depasse?} 1/2-1/2

[Event "icn3g3r3,Montpellier Européen-Ramonvill"]
[Site "?"]
[Date "2003.11.16"]
[Round "?"]
[White "Bertrand, Frederic"]
[Black "Daniilidis, Aris"]
[Result "1/2-1/2"]
[WhiteElo "2241"]
[BlackElo "2310"]
[EventDate "2003.??.??"]
[PlyCount "81"]

1.d4 f5 2.c4 Nf6 3.Nc3 g6 4.Nf3 Bg7 5.g3 O-O 6.Bg2 d6 7.O-O Qe8 8.d5 Na6 
9.Nd4 Bd7 10.h3 c6 11.Be3 Nc7 12.Qd2 c5 13.Nf3 b5 14.cxb5 Nxb5 15.Ng5 Rb8 
16.Rab1 Nc7 17.Nf3 {(=)} 17...Qc8 18.Kh2 Nb5 19.Nxb5 Rxb5 20.Rfd1 Ne4 21.
Qc1 Qa6 22.Nd2 Nxd2 23.Rxd2 Rfb8 24.b3 Bf6 25.h4 Rb4 26.Rc2 f4 27.Bxf4 Bf5
28.e4 Bxe4 29.Bxe4 Rxe4 30.Qd1 {(=)} 30...Qc8 31.Rc4 Qf5 32.Rbc1 Rd4 33.
Rxd4 Bxd4 34.Qf3 Rf8 35.Re1 Be5 36.Re4 Bf6 37.Qd3 Bd4 38.Qe2 Bf6 39.Qd3 
Bd4 40.Qe2 Bf6 41.Qd3 1/2-1/2

[Event "icn3g3r3,CEI Toulouse-Beziers"]
[Site "?"]
[Date "2003.11.16"]
[Round "?"]
[White "Mohtaji, Javad"]
[Black "Francois, Sebastien"]
[Result "1-0"]
[WhiteElo "2039"]
[BlackElo "2122"]
[EventDate "2003.??.??"]
[PlyCount "53"]

1.e4 d5 2.exd5 Qxd5 3.Nc3 Qa5 4.d4 c6 5.Nf3 Nf6 6.Bd2 Bf5 7.Bc4 e6 8.O-O 
Qc7 9.Re1 Be7 10.Ne5 O-O 11.g4 Bg6 12.Nxg6 hxg6 13.h4 Nd5 14.Qf3 Nxc3 15.
bxc3 Nd7 16.g5 Bd6 17.h5 gxh5 18.Rxe6 Nb6 19.Bb3 Nd5 20.Re4 g6 $2 
    ( 20...Rae8 $5 )
21.c4 Ne7 22.Qf6 
    ( 22.c5 $1 Bh2+ 23.Kg2 Nf5 24.Rh1 Bd6 25.cxd6 Qxd6 $18 )
22...Nf5 $2 23.c5 Bh2+ 24.Kh1 Kh7 25.Kg2 Bg3 26.Rh1 h4 27.Rh3 1-0

[Event "icn3g3r3,CEI Toulouse-Beziers"]
[Site "?"]
[Date "2003.11.16"]
[Round "?"]
[White "Marco, C."]
[Black "Benmesbah, S."]
[Result "1-0"]
[WhiteElo "1880"]
[BlackElo "1900"]
[EventDate "2003.??.??"]
[PlyCount "75"]

1.e4 e5 2.Nf3 Nc6 3.Bc4 Bc5 4.c3 Nf6 5.d3 d6 6.Bb3 O-O 7.O-O Bg4 8.h3 Bh5 
9.Nbd2 Kh8 10.Re1 Qd7 11.Nf1 Ng8 12.Ng3 Bg6 13.Nh4 Nge7 14.Be3 Bb6 15.Bxb6
axb6 16.Rf1 h6 17.f4 f5 18.Nxg6+ Nxg6 19.fxe5 fxe4 20.e6 Qe8 21.d4 Na5 22.
Rxf8+ Nxf8 23.d5 e3 24.Bc2 c6 25.Nf5 cxd5 26.Qxd5 Qxe6 27.Qxe6 Nxe6 28.
Nxe3 Rd8 29.Rd1 b5 30.Bd3 Nc7 31.b3 Re8 
    ( 31...Nc6 $16 )
32.Nf5 d5 33.Nd6 Rb8 34.Nxb5 Nxb5 35.Bxb5 Rc8 36.b4 Nc4 37.Rxd5 Na3 38.Bd3
1-0

[Event "icn3g3r3,CEI Toulouse-Beziers"]
[Site "?"]
[Date "2003.11.16"]
[Round "?"]
[White "Laclau, Daniel"]
[Black "Pantioukhine, Slava"]
[Result "0-1"]
[WhiteElo "2293"]
[BlackElo "2020"]
[EventDate "2003.??.??"]
[PlyCount "76"]

1.f4 d5 2.Nf3 g6 3.e3 Bg7 4.d4 Nf6 5.Bd3 O-O 6.O-O b6 7.Qe2 c5 8.c3 a5 9.
Bd2 Bb7 10.Be1 Nbd7 11.Nbd2 Ne4 12.g4 e6 13.h4 f5 14.g5 Qc8 15.Bb5 Nd6 16.
Bd3 Ba6 17.a4 Bxd3 18.Qxd3 Qa6 19.Qxa6 Rxa6 20.Ne5 Nxe5 21.dxe5 Ne4 22.
Nxe4 fxe4 23.Rf2 Rd8 24.Rd2 Bf8 25.b3 Ra7 26.Bf2 Rad7 27.Rad1 Kf7 28.Kg2 
Ke8 29.Kg3 Rc8 30.c4 Rcd8 31.Kg4 Be7 32.cxd5 Rxd5 33.Rxd5 Rxd5 34.Rxd5 
exd5 35.f5 c4 36.bxc4 dxc4 37.f6 $4 Bb4 38.e6 c3 0-1